Revisión de los factores de corrección del diámetro y de la relación largo/diámetro para determinar la resistencia a compresión de núcleos de hormigón

Guardat en:
Dades bibliogràfiques
Autor principal: Murillo Contreras, Fiorella, 1990-
Altres autors: Muñoz Umaña, Flor de María, 1958- Directora del TFG
Format: Llibre
Idioma:Spanish
Publicat: San José, [Costa Rica] 2019
Matèries:
Etiquetes: Afegir etiqueta
Sense etiquetes, Sigues el primer a etiquetar aquest registre!

MARC

LEADER 00000nam a22000007a 4500
003 013103
005 20230504141449.0
008 190822b2019 c a|||| ||m| 00| ||spa d
040 |c cru CEDI 
100 |9 483  |a Murillo Contreras, Fiorella, 1990- 
245 |a Revisión de los factores de corrección del diámetro y de la relación largo/diámetro para determinar la resistencia a compresión de núcleos de hormigón 
260 |a San José, [Costa Rica]  |c 2019 
500 |a Proyecto de graduación (licenciatura en ingeniería civil)--Universidad de Costa Rica. Facultad de Ingeniería. Escuela de Ingeniería Civil. 
501 |a Directora de Proyecto de Graduación: Flor de María Muñoz Umaña. M. Ing. I.C. 
650 |x RESISTENCIA DE MATERIALES  |x HORMIGON   |x HORMIGON - ENSAYO DE COMPRESION 
700 |9 144  |a Muñoz Umaña, Flor de María, 1958-  |d Directora del TFG 
942 |c CEDI  |h TFG 8253  |6 TFG_8253_000000000000000 
999 |c 21768  |d 21768